000 00182 a2200097 4500
020 _a8434816067
041 _aspa
100 _acarvajal victor
245 _acuentatrapos
942 _cBK
999 _c31619
_d31617